Lávka pre peších vo Vrábloch
Enregistré dans:
| Auteur principal: | |
|---|---|
| Autres auteurs: | |
| Format: | Manuscrit Livre |
| Langue: | slovaque |
| Publié: |
2025
|
| Sujets: | |
| Accès en ligne: | http://is.stuba.sk/zp/portal_zp.pl?podrobnosti=175698 CRZP |
| Tags: |
Pas de tags, Soyez le premier à ajouter un tag!
|
MARC
| LEADER | 00000ntm a22000003a 4500 | ||
|---|---|---|---|
| 001 | stuzp102548 | ||
| 003 | SK-STU | ||
| 005 | 20250722133826.6 | ||
| 007 | ta | ||
| 008 | 150427s2015----xo-----f-mn---000-0-slo-d | ||
| 040 | |a STU |b slo | ||
| 041 | 0 | |a slo | |
| 100 | 1 | |a Bús, Máté |u 010110 |4 aut |U SvF Stavebná fakulta |T SvF Katedra betónových konštrukcií a mostov |X 121179 |U V110 |Y 11 |7 121179 | |
| 242 | 0 | 1 | |a Footbridge in Vráble |y eng |
| 245 | 1 | 0 | |a Lávka pre peších vo Vrábloch |
| 260 | |c 2025 | ||
| 650 | 4 | |a železobetón |2 slo | |
| 650 | 4 | |a lávka |2 slo | |
| 650 | 4 | |a výstuž |2 slo | |
| 650 | 4 | |a footbridge |2 eng | |
| 650 | 4 | |a reinforced concrete |2 eng | |
| 650 | 4 | |a reinforcement |2 eng | |
| 700 | 1 | |a Paulík, Peter |u 010110 |k Z1 |4 ths |U SvF Stavebná fakulta |T SvF Katedra betónových konštrukcií a mostov |X 11217 |U V110 |Y 11 |7 A000011217 | |
| 856 | 4 | |u http://is.stuba.sk/zp/portal_zp.pl?podrobnosti=175698 | |
| 856 | 4 | |u https://opac.crzp.sk/?fn=detailBiblioForm&sid=C9A1C75A261DD259FC83411E26A3 |z CRZP | |